000 00296nam a2200121 a 4500
008 101209s1991|||| d
100 1 _aKandráčová, Monika
245 1 0 _aNa Ľevockej hure dzvon še oziva
260 _bA.R.I.
_aPrešov
_c1991
020 _c10
041 _aslo
044 _axo
_cSK
999 _c15040
_d15040